1546 1261 1302 1763 1228 1629 1361 1839 1793 1064 1864 1652 1546 1360 1492 1856 1151 1889 1593 1590 1147 1078 1276 1738 1666 1128 1759 1379 1284 1685 1200 1813 1659 1805 1352 1073 1612 1006 1068 1958 1546 1263 1866 1609 1381 1926 1835 1933 1440 1746 1131 1291 1972 1633 1042 1774 1677 1893 1679 1693 1796 1641 1358 1123 1311 1591 1689 1187 1180 1699 1411 1811 1509 1632 1205 1247 1944 1631 1462 1101 1624 1217 1574 1973 1224 1978 1143 1724 1492 1840 1680 1698 1976 1927 1083 1212 1719 1019 1833 BCNSPRNW ULIB Ver.6.0+V

เปลี่ยนเป็นภาษาไทย

Change to English
 แสดงรายละเอียดบรรณานุกรม
  กลับหน้าหลัก

Brief Record : Get Marc (ISO 2709) : E-mail record : QR code < ปิดหน้าต่าง
LEADER : 00000nam 2200000uu 4500
001    13399120259
003     ULIB
008    120917s2552||||th 000 0 tha d
020    ^a9789749922972
060 04 ^aWY200^bม497ค 2552
245 00 ^aเคหพยาบาล:การดูแลผู้ป่วยที่บ้าน /^cผู้รวบรวมและเรียบเรียง ; มาลินีชลานันต์ ... [และคนอื่นๆ]
250    ^aพิมพ์ครั้งที่ 1
260    ^aกรุงเทพฯ :^bศูนย์ฝึกอบรมปฐมพยาบาลและสุขภาพอนามัยสภากาชาดไทย
300    ^a116 หน้า :^bภาพประกอบ;^c26 ซม.
650  7 ^aผู้ป่วยที่บ้าน, บริการ
650  7 ^aเคหการพยาบาล
650  7 ^aสุขภาพในครอบครัว
700 0  ^aมาลินี ชลานันต์,^eผู้รวบรวมและเรียบเรียง
710 2  ^aสภากาชาดไทย ศูนย์ฝึกอบรมปฐมพยาบาลและสุขภาพอนามัย
945    ^p220^l0^i16245
945    ^p220^l0^i16246
945    ^p220^l0^i16646
945    ^p220^l0^i16647
995    ^aวิภา
999    ^aใช้งานได้ทุกระบบ
รายการนี้ยังไม่มีแท็ก
คุณยังไม่ได้ล็อกอิน คุณสามารถมีกิจกรรมร่วมกับเว็บไซต์ได้ แต่ต้องล็อกอินก่อน ::
  ล็อกอิน

รายการสื่อสารสนเทศ

ลำดับที่ ประเภท เลขเรียก/บาร์โค้ด สถานที่ สถานะ
1. วิทยาศาสตร์การแพทย์ และสุขภาพ
วิทยาศาสตร์การแพทย์ และสุขภาพ
สถานะ=หนังสือเก่า
WY200 ม497ค 2552  
  Barcode: 16245
ห้องสมุดวิทยาเขตนครสวรรค์
►ส่วนจัดเก็บหนังสือเก่า นว.
บนชั้น
  ขอยืม

รายการใกล้เคียง
    หัวเรื่อง [ผู้ป่วยที่บ้าน, บริการ]
    หัวเรื่อง [เคหการพยาบาล]
    หัวเรื่อง [สุขภาพในครอบครัว]

BibComment


ยังไม่เคยถูกคอมเมนท์

คอมเมนท์ทรัพยากรรายการนี้
  คอมเมนท์: เคหพยาบาลการดูแล..


 Copyright 2026. Bcnsprnw @Library